| Tag |
First Indicator |
Second Indicator |
Subfields |
| LEADER |
00000cam a2200000 a 4500 |
| 001 |
in00000790313 |
| 005 |
20151017064905.0 |
| 008 |
880831s1989 nyua b 00110 eng |
| 010 |
|
|
|a 88040400
|
| 020 |
|
|
|a 0670819816 :
|c $18.95
|
| 035 |
|
|
|a (OCoLC)18496779
|
| 035 |
|
|
|9 ADN5343AM
|
| 040 |
|
|
|a DLC
|c DLC
|d TXA
|d UtOrBLW
|
| 049 |
|
|
|a TXAM
|c [A11886034]
|
| 050 |
0 |
0 |
|a NA7120
|b .R93 1989
|
| 082 |
0 |
|
|a 728.3/73/0924
|2 19
|
| 100 |
1 |
|
|a Rybczynski, Witold.
|
| 245 |
1 |
4 |
|a The most beautiful house in the world /
|c by Witold Rybczynski.
|
| 264 |
|
1 |
|a New York, N.Y., U.S.A. :
|b Viking,
|c 1989.
|
| 300 |
|
|
|a 211 pages :
|b illustrations ;
|c 21 cm.
|
| 336 |
|
|
|a text
|b txt
|2 rdacontent
|
| 337 |
|
|
|a unmediated
|b n
|2 rdamedia
|
| 338 |
|
|
|a volume
|b nc
|2 rdacarrier
|
| 504 |
|
|
|a Bibliography: pages 197-203.
|
| 500 |
|
|
|a Includes index.
|
| 650 |
|
0 |
|a Architecture, Domestic.
|
| 600 |
1 |
0 |
|a Rybczynski, Witold
|x Homes and haunts.
|
| 999 |
|
|
|a MARS
|
| 999 |
f |
f |
|s 868e7c8f-c78c-3e37-8537-aa62bf585f4d
|i 06c2fdea-b98f-39ec-8db1-25e11b004013
|t 0
|
| 952 |
f |
f |
|p ric
|a Texas A&M University
|b Rellis Campus
|c Joint Library Facility
|d Remote Storage
|t 0
|e NA7120 .R93 1989
|h Library of Congress classification
|i unmediated -- volume
|m A14811886034
|
| 998 |
f |
f |
|a NA7120 .R93 1989
|t 0
|l Remote Storage
|